ბათუმის შოთა რუსთაველის სახელმწიფო უნივერსიტეტის ბიბლიოთეკა

ენტომოლოგია : (ბიბ.ჩანაწერი № 58010)

000 -ლიდერი
ფიქსირებული სიგრძის საკონტროლო ველი 01276nam a22002177a 4500
003 - საკონტროლო ნომრის იდენტიფიკატორი
საკონტროლო ველი Ge_BSU
005 - ბოლო ოპერაციის თარიღი და დრო
საკონტროლო ველი 20210422133018.0
008 - ფიქსირებული სიგრძის მონაცემთა ელემენტები - ზოგადი ინფორმაცია
ფიქსირებული სიგრძის საკონტროლო ველი 210422s1974 ge ||||| |||| 00| 0 geo d
041 ## - ენის კოდი
Language code of text/sound track or separate title geo
080 ## - უნივერსალური ათობითი კლასიფიკაციის ინდექსი
Universal Decimal Classification number 595.7(075.8)+632.7 ბ-17
100 ## - მთავარი ჩანაწერი - პიროვნების სახელი
Personal name ბათიაშვილი, ირ.
9 (RLIN) 11544
245 ## - ცნობა სათაურის შესახებ
Title ენტომოლოგია :
Remainder of title (სპეციალური ნაწილი) სახელმძღვ. სასოფლო სამეურნეო ინ-ტის მცენარეთა დაცვის და სუბტროპუკული მეურნეობის სტუდენტებისათვის /
Statement of responsibility, etc ირ. ბათიაშვილი, ბ.დეკანოიძე, [რედ. მ.სულაბერიძე]
264 ## - წარმოების, გამოცემის, დისტრიბუციის და სხვა ცნობები
გამოცემის, წარმოების, დისტრიბუციის... ადგილი თბილისი :
გამოცემის, წარმოების, დისტრიბუციის... სახელწოდება განათლება,
გამოცემის, წარმოების, დისტრიბუციის... თარიღი 1974.
300 ## - ფიზიკური აღწერა
Extent 517 გვ.:
Dimensions 22სმ.
504 ## - BIBLIOGRAPHY, ETC. NOTE
Bibliography, etc ბიბლიოგრ.გვ: 506, ალფაგენტური საძ. გვ.491-505
653 ## - INDEX TERM--UNCONTROLLED
Uncontrolled term ენტიმოლოგია
653 ## - INDEX TERM--UNCONTROLLED
Uncontrolled term მცენარეთა დაცვა
700 ## - ADDED ENTRY--PERSONAL NAME
Personal name დეკანოიძე,გ
9 (RLIN) 11545
700 ## - ADDED ENTRY--PERSONAL NAME
Personal name სულაძე, მ
Relator term რედაქტორი
9 (RLIN) 3155
942 ## - ADDED ENTRY ELEMENTS (KOHA)
Source of classification or shelving scheme
Koha item type წიგნი
ეგზემპლარები
ჩამოწერის სტატუსი დაკარგული ეგზემპლარის სტატუსი კლასიფიკაციის წყარო ან თაროზე გაწყობის სქემა დაზიანების სტატუსი არ გაიცემა მუდმივი მდებარეობა (დაცვის ადგილი) ამჟამინდელი ადგილსამყოფელი თაროზე განთავსების ადგილი შეძენის თარიღი ღირებულება, შესყიდვის ნორმალური ფასი სრული შენახვის შიფრი შტრიხკოდი ბოლო ოპერაციის თარიღი ეგზემპლარის მიმდევრობითი ნომერი (კეტერი?) ფასის ძალაში შესვლის თარიღი ეგზემპლარის სახეობა საჯარო შენიშვნა
          ბათუმის შოთა რუსთაველის სახელმწიფო უნივერსიტეტის მთავარი ბიბლიოთეკა ბათუმის შოთა რუსთაველის სახელმწიფო უნივერსიტეტის მთავარი ბიბლიოთეკა წიგნსაცავი 2021-04-22 2.00 595.7(075.8)+632.7 ბ-17 29263 2021-04-22 29263 2021-04-22 წიგნი 2ლ.54თ.